00321cam a22001097a 4500008004000000082001600040100003100056245006500087260003400152300000900186650001600195180718b1944 xxu||||| |||| 00| 0 eng d aT16x42 T623 aTopham, E. and Hough, J.A. aThe cooperative movement in BritaincE.Topham and J.A. Hough aLondonbLongmans, Greenc1944 a52p. aCooperation